00624nam a2200169Ia 450000500170000000800410001708200160005824501370007426000970021130000130030865000110032165000130033270000300034570000290037570000240040470000260042820240529022927.0240331s9999 xx 000 0 und d bCHAa339.46 0aChallenges of rural poverty by the year 2010bProceeding of the National Workshop of the Rural Social Science Network, January, 1993 aDhakabWinrock International (HRDP) & Bangladesh Agricultural Research Council ( BARC)c1993 a180 p ., aSocial aCultural aHusain, Muazzam M.A.eedt aSalahuddin, Khaledaeedt aShamim, Ishrateedt aAlam, Nurul M.S.eedt